| 000 | 00719nam a2200217Ia 4500 | ||
|---|---|---|---|
| 001 | 17685 | ||
| 003 | GE_BSU | ||
| 008 | 181216s||||||||xx |||||||||||||| ||und|| | ||
| 040 | _cGE_BSU | ||
| 080 | _a624.04+624.072(075.8) | ||
| 100 | _aСмирнов,А.Ф. Александров,А.В. и др. | ||
| 245 | _aСтроительная механика:стержневые системы. | ||
| 245 | _bУчевник для вузов. | ||
| 245 | _cРед. И.С.Бородина. | ||
| 260 | _aМ. | ||
| 260 | _bСтройиздат. | ||
| 260 | _c1981. | ||
| 300 | _a512 стр. с илл. 22 см. | ||
| 653 | _aСтроительная механика:стержневые системы. | ||
| 942 | _cBK | ||
| 999 |
_c50733 _d50733 |
||